|
|
|
|
| LEADER |
01204nas a22002412a 4500 |
| 001 |
000780317 |
| 003 |
CZ BrMZK |
| 005 |
20120905173003.0 |
| 007 |
ta |
| 008 |
050623d185919uugw uu p 0 a0gerod |
| 040 |
|
|
|a BOA001
|b cze
|
| 245 |
0 |
0 |
|a Statuten und Geschäfts-Ordnung der kaiserlichen Akademie der Wissenschaften
|
| 260 |
|
|
|a Wien :
|b Kaiserlich-königliche Hof- und Staatsdruckerei,
|c [1859]-[19--]
|
| 300 |
|
|
|a ^^^sv. ;
|c 27 cm
|
| 310 |
|
|
|a Periodicita není zjištěna
|
| 710 |
2 |
|
|a Kaiserl. Akademie der Wissenschaften in Wien
|7 ko2007248531
|
| 910 |
|
|
|a BOA001
|b 3-0015.751
|r 1859,69,86,96,99
|
| 990 |
|
|
|a SE
|
| 996 |
6 |
|
|b 2610264331
|c 3-0015.751
|d 1859
|y 1859
|l MZK
|r Sklad / do 1 hodiny
|n 0
|p dar
|w 000780317
|u 000010
|a 1
|e BOA001
|j MZK50
|s P
|
| 996 |
6 |
|
|b 2618705623
|c 3-0015.751
|d 1899
|y 1899
|l MZK
|r Sklad / do 1 hodiny
|n 0
|w 000780317
|u 000050
|a 1
|e BOA001
|j MZK50
|s P
|
| 996 |
6 |
|
|b 2618705624
|c 3-0015.751
|d 1896
|y 1896
|l MZK
|r Sklad / do 1 hodiny
|n 0
|w 000780317
|u 000040
|a 1
|e BOA001
|j MZK50
|s P
|
| 996 |
6 |
|
|b 2618705625
|c 3-0015.751
|d 1886
|y 1886
|l MZK
|r Sklad / do 1 hodiny
|n 0
|w 000780317
|u 000030
|a 1
|e BOA001
|j MZK50
|s P
|
| 996 |
6 |
|
|b 2618705626
|c 3-0015.751
|d 1869
|y 1869
|l MZK
|r Sklad / do 1 hodiny
|n 0
|w 000780317
|u 000020
|a 1
|e BOA001
|j MZK50
|s P
|